000 00229nam a2200097Ia 4500
008 240331s9999 xx 000 0 und d
082 _bGOP
100 _aGopalaratnam,S.M
245 0 _aEelam-muduviiap piyanathi varalaaru
942 _cL
999 _c4619
_d4619